Democracy without Peace: The Cultural Politics of Terror in Peru /
সংরক্ষণ করুন:
| প্রধান লেখক: | |
|---|---|
| অন্যান্য লেখক: | |
| বিন্যাস: | পাঠ্য |
| বিষয়গুলি: | |
| ট্যাগগুলো: |
ট্যাগ যুক্ত করুন
কোনো ট্যাগ নেই, প্রথমজন হিসাবে ট্যাগ করুন!
|
MARC
| LEADER | 00000 a a2200000 04500 | ||
|---|---|---|---|
| 001 | 42940 | ||
| 003 | |||
| 040 | |||
| 100 | |a Burque, Susan | ||
| 245 | |a Democracy without Peace: The Cultural Politics of Terror in Peru / |c Susan Burque | ||
| 650 | |a MILITARISMO | ||
| 650 | |a DERECHOS HUMANOS | ||
| 650 | |a TERRORISMO | ||
| 650 | |a VIOLENCIA | ||
| 650 | |a POLITICA | ||
| 700 | |a Warren, Kay | ||
| 773 | |g volumen24, número1, 1989, páginas 7-34 | ||
| 999 | |c 21524 |d 21524 | ||
